Normal view
MARC view
Entry Topical Term
001 - CONTROL NUMBER
- control field: 3129
003 - CONTROL NUMBER IDENTIFIER
- control field: ARRUPE
005 - DATE AND TIME OF LATEST TRANSACTION
- control field: 20131104164521.0
008 - FIXED-LENGTH DATA ELEMENTS
- fixed length control field: 131104|| aca||aabn | a|a d
040 ## - CATALOGING SOURCE
- Original cataloging agency: ARRUPE
- Transcribing agency: ARRUPE
150 ## - HEADING--TOPICAL TERM
- Topical term or geographic name as entry element: Church
- General subdivision: History of doctrines
- Chronological subdivision: 20th century.
670 ## - SOURCE DATA FOUND
- Source citation: Work cat.: (ARRUPE)0: Wood, Susan K. 3123, Spiritual exegesis and the church in the theology of Henri de Lubac /, 1998.